000 00506 a2200169 4500
999 _c6957
_d6957
020 _a9781446208151
050 _aBF 637 MCC 2012
100 _aMcCormick, Elizabeth Wide
_eauthor
245 _aChange for the better:
_bself-help through practical psychotherapy/
_cElizabeth Wilde McCormick
250 _a4th ed.
264 _aLos Angeles:
_bSAGE,
_c2012
300 _a329p.:
_bill.
500 _aIncludes index
650 _aSelf-actualization
650 _aPsychology
942 _2lcc
_cBK
_e4th
_h637
_iMCC
_kBF